000 00483cam a22001811 04500
001 45812
090 _a45812
100 _a19740501d1974 m y0pory5003 ba
101 1 _apor
102 _aPT
200 1 _aultimo tango em Paris
_fRobert Alley
_gtrad. Fernando de Castro Ferro
210 9 _aLisboa
_cPortugália,
_d[D.L. 1974]
215 _a188 p.
_d19 cm
675 _a821.111(73)-31
700 1 _aAlley,
_bRobert
702 1 _aFerro,
_bFernando de Castro
_4730
801 0 _aPT
_bBN
_gRPC
990 _cLIVROS